000 00880 a2200217 4500
008 080820t xxu||||| |||| 00| 0 eng d
010 _aENG-84927
020 _a813130003X
_c395.00
035 _aEN-68460
037 _bD.B.Act / Pub
082 _a630.2576
100 _aRajvaidya, Neelima
245 _aAgricultural applications of microbiology
_cby Neelima Rajvaidya and Dilip Kumar Markandey
260 _aNew Delhi
_bA P H Publishing
_c2006.
270 _a5, Ansari Road, Darya Ganj
_bNew Delhi
_cDelhi
_e110002
300 _aviii, 147 p.
_c22 cm. (Hb)
650 _aMicrobiology
_xAgricultural applicatons
700 _aMarkandey, Dilip Kumar
942 _adpl
_cEN
_k630.2576 / RAJ
_2ddc
_h630.2576
_mRAJ
999 _c750
_d750